000 00313nam a2200109Ia 4500
008 220217s9999||||xx |||||||||||||| ||und||
100 _aSrinivasa (Masthi venkatesha iyangar)
245 0 _aSanna Kathegalu samputa-05
260 _aJeevana Karyalaya
_bBangalore
_c2007
300 _b150
650 _aGENERAL BOOKS
999 _c175161
_d175161